01644nrm a2200241 a 4500008004100000050001800041100002100059245008100080260003300161300001300194350000900207650001600216650002800232995016300260995014700423995014700570995016400717999001700881952012800898952012001026952012001146952013601266070508s2004 ||||||||||||||||| || u aHC 79.I55 ICT aGillwald, Alison10aICT sector performance in Africa: a review of seven African countriesh[toy] aWitts UniversitybIDRCc2004 a32 pages a0.00 aINFORMATION aTECHNOLOGY, INFORMATION aANNEX COLLECTION (Main Library)D0.00e737709FCBU-MAIN LIBRARY (Kitwe)H1I0.00jHC 79.I55 ICTM2UAVAILABLEWMay 8, 2007y54968ZAnnex Low-Usage Collection  aSPECIAL COLLECTIONSD0.00e737711FCBU-MAIN LIBRARY (Kitwe)H1I0.00jZAM HC 79.I55 ICTM3UAVAILABLEWMay 8, 2007y54969ZZambiana Collection aSPECIAL COLLECTIONSD0.00e737710FCBU-MAIN LIBRARY (Kitwe)H1I0.00jZAM HC 79.I55 ICTM4UAVAILABLEWMay 8, 2007y54970ZZambiana Collection aMAIN LIBRARY OPEN ACCESSD0.00e737708FCBU-MAIN LIBRARY (Kitwe)H1I0.00jHC 79.I55 ICTM1UAVAILABLEWMay 8, 2007y54967ZMain Library Open Access Collection c76285d76285 00102lcc4070a001b001cAnnex Low-Usage Collection d2023-04-25l0oHC 79.I55 ICTp54968r2023-04-25t1w2023-04-25y002 00102lcc4070a001b001cZambiana Collectiond2023-04-25l0oHC 79.I55 ICTp54969r2023-04-25t2w2023-04-25y023 00102lcc4070a001b001cZambiana Collectiond2023-04-25l0oHC 79.I55 ICTp54970r2023-04-25t3w2023-04-25y023 00102lcc4070a001b001cMain Library Open Access Collectiond2023-04-25l0oHC 79.I55 ICTp54967r2023-04-25t4w2023-04-25y002